Chemical reactor: analysis and design

محفوظ في:
التفاصيل البيبلوغرافية
المؤلفون الرئيسيون: Froment, Gilbert F (مؤلف), Bischoff, Kenneth B (مؤلف)
التنسيق: كتاب
اللغة:الإنجليزية
منشور في: Nueva York John Wiley 1990
الموضوعات:
الوسوم: إضافة وسم
لا توجد وسوم, كن أول من يضع وسما على هذه التسجيلة!

MARC

LEADER 00000nam a2200000 a 4500
001 UCV7048
003 CL-VaPUC
008 920108e19900000US |||||||||||||||||eng|d
082 0 4 |a 660.283  |b FRO  |2 21 
100 0 |a Froment, Gilbert F  |e author  |9 301038 
700 0 |a Bischoff, Kenneth B  |e author  |9 301039 
245 1 0 |a Chemical reactor: analysis and design 
300 |a 664 p 
942 |c BK 
945 |d 19920108 00:00:00 
260 |a Nueva York  |b John Wiley  |c 1990 
650 0 |a Reactores químicos   |9 264019 
650 0 |a Reacciones químicas  |9 259438 
650 7 |a INGENIERIA QUIMICA  |2 CL-VaPUC  |9 8 
650 0 |a Tecnología química   |9 263002 
583 |a last modification  |c 19920108 00:00:00  |k Rodrigo Vera 
999 |c 212796  |d 212794 
952 |0 0  |1 0  |4 0  |6 660_283000000000000_FRO_1990  |7 0  |8 A  |9 194432  |a BIBING  |b BIBING  |d 2019-11-14  |i 2626241  |o 660.283 FRO 1990  |p 2626241  |r 2023-03-02  |w 2019-11-14  |y BK  |k EIQ